Villages français aux noms étranges - Statistiques

Statistiques générales
  • Ce quiz a été pris 12 fois
  • Le résultat moyen est 1 sur 10
Statistiques - réponses
Endroits Réponses % Correct
Dans la région de Bourgogne, ce village a un nom qui fait penser à une couleur vive, souvent associée à la passion. Rougeot
83%
Ce village dans les Alpes-de-Haute-Provence a un nom qui ressemble à celui d’un pâtisserie orientale. Cassis
8%
Dans le département des Alpes-Maritimes, ce village porte un nom qui fait penser à un bruit de percussion ou à une sonorité métallique. Cymballe
8%
Ce village de la Charente a un nom qui évoque l’univers marin et les vagues déferlantes. Océan
8%
Ce village dans l'Isère semble évoquer un parfum de romance, son nom est aussi celui d'un célèbre produit de beauté. Parfum-de-Rose
8%
Ce village de l'Ain a un nom qui évoque un type d'outil ancien, utilisé dans l’agriculture. Râteau
8%
Situé dans l'Aude, ce village porte un nom qui pourrait désigner un petit ragoût ou un plat en sauce. Boudan
0%
Ce village en Dordogne pourrait être associé à un petit animal au pelage noir et blanc, connu pour son caractère solitaire. Castelnaud-la-Chapelle
0%
Dans le département du Puy-de-Dôme, ce village a un nom que l’on pourrait associer à un acte violent, mais il n’en est rien. Massacre
0%
Ce village de la Haute-Savoie évoque le nom d’un fruit enroulé dans une pâte sucrée, populaire dans les pâtisseries. Praliné
0%
Aucun quiz correspondant
Distribution des résultats
% des personnes avec chaque résultat
Percentile par nombre de réponses
Votre historique - résultats
Vous n’avez pas pris ce quiz